| 000 | 01233nam a2200301 c 4500 | ||
|---|---|---|---|
| 999 |
_c123845 _d123845 |
||
| 003 | BLK | ||
| 005 | 20210119144830.0 | ||
| 008 | 180409b bul|||||r ||||||| ||bul|| | ||
| 010 | _aKNG00129508000 | ||
| 040 | _aBLK | ||
| 041 |
_aBUL _cBUL |
||
| 080 |
_aАнглийска литература _b821.111 _x-21 _z821.111-21 |
||
| 100 | 1 |
_aБайрон, Джордж Гордън Ноуъл _eпърви автор _9367011 |
|
| 139 |
_aБайрон, Джордж Гордън Ноуъл _bБ 15 |
||
| 245 | 1 | 0 |
_aМанфред _bДрам. поема _cДжордж Гордън Ноуъл Байрон; прев. Асен Христов-Първанов. |
| 250 | _a2. изд. | ||
| 257 | _aGBR | ||
| 260 |
_bЖивот _c[1917-1919?] _fСофия : П. Глушков |
||
| 300 |
_a84 с. _c18 см |
||
| 380 | _aX | ||
| 500 | _a1. изд. 1915. - Вероятна г. на изд. между 1917-1919. | ||
| 700 | 1 |
_aХристов-Първанов, Асен _eпрев. _9377301 |
|
| 852 |
_aЦб І 40252 _bО |
||
| 856 | 4 | _qpdf | |
| 856 | 4 | _qpdf | |
| 942 |
_cKNG _n0 _s1 |
||
| 944 |
_aCR _c04.04.2012 _l04.04.2012 - от С1,Р / 04.04.2012 _kНаталия_Медовщикова |
||
| 944 |
_aED _c04.04.2012 _l04.04.2012 - от С1,Р / 04.04.2012 |
||
| 999 | _d123845 | ||